MARC details
| 000 -LEADER |
| fixed length control field |
01424nam a2200325 a 4500 |
| 003 - CONTROL NUMBER IDENTIFIER |
| control field |
CBULib |
| 005 - DATE AND TIME OF LATEST TRANSACTION |
| control field |
20240319124606.0 |
| 008 - FIXED-LENGTH DATA ELEMENTS--GENERAL INFORMATION |
| fixed length control field |
120416s1996 ||||||||||||||||| || u |
| 020 ## - INTERNATIONAL STANDARD BOOK NUMBER |
| International Standard Book Number |
0521564379 |
| 040 ## - CATALOGING SOURCE |
| Language of cataloging |
English |
| Transcribing agency |
CBULib |
| Description conventions |
rda |
| 041 ## - LANGUAGE CODE |
| Language code of text/sound track or separate title |
eng |
| 050 ## - LIBRARY OF CONGRESS CALL NUMBER |
| Classification number |
QC 981.8.C5 Cli |
| 100 ## - MAIN ENTRY--PERSONAL NAME |
| Personal name |
Zinyowera, Marufu C |
| 9 (RLIN) |
2542 |
| 245 10 - TITLE STATEMENT |
| Title |
Climate change, 1995 : impacts, adaptations, and mitigation of climate change: scientific-technical analyses : contribution of working group II to the second assessment report of the Intergovernmental Panel on Climate Change / |
| Statement of responsibility, etc |
/ edited by Robert T. Watson |
| 260 ## - PUBLICATION, DISTRIBUTION, ETC. (IMPRINT) |
| Place of publication, distribution, etc |
Cambridge : |
| Name of publisher, distributor, etc |
Cambridge University Press, |
| Date of publication, distribution, etc |
1996 |
| 300 ## - PHYSICAL DESCRIPTION |
| Extent |
x, 878 pages : illustrations |
| 336 ## - CONTENT TYPE |
| Source |
rdacontent |
| Content type term |
Text | |
| Content type code |
txt |
| 337 ## - MEDIA TYPE |
| Source |
rdamedia |
| Media type term |
Unmediated | |
| Media type code |
n |
| 338 ## - CARRIER TYPE |
| Source |
rdacarrier |
| Carrier type term |
Volume |
| Carrier type code |
nc |
| 500 ## - GENERAL NOTE |
| General note |
'Published for the Intergovernmental Panel on Climate Change.' -Includes bibliographical references. |
| 650 #0 - SUBJECT ADDED ENTRY--TOPICAL TERM |
| Topical term or geographic name as entry element |
ATMOSPHERE |
| 9 (RLIN) |
2494 |
| 650 #0 - SUBJECT ADDED ENTRY--TOPICAL TERM |
| Topical term or geographic name as entry element |
CLIMATIC CHANGES--SOCIAL ASPECTS--ZAMBIA |
| 9 (RLIN) |
2543 |
| 700 ## - ADDED ENTRY--PERSONAL NAME |
| Personal name |
Watson, Robert T |
| 700 ## - ADDED ENTRY--PERSONAL NAME |
| Personal name |
Moss, Richard H |
| 9 (RLIN) |
2545 |
| 710 ## - ADDED ENTRY--CORPORATE NAME |
| Corporate name or jurisdiction name as entry element |
Intergovernmental Panel on Climate Change. Working Group II |
| 9 (RLIN) |
2546 |
| 856 ## - ELECTRONIC LOCATION AND ACCESS |
| Uniform Resource Identifier |
<a href="http://www.loc.gov/catdir/toc/cam022/96012841.html">http://www.loc.gov/catdir/toc/cam022/96012841.html</a> |
| 856 ## - ELECTRONIC LOCATION AND ACCESS |
| Uniform Resource Identifier |
<a href="http://www.loc.gov/catdir/description/cam027/96012841.html">http://www.loc.gov/catdir/description/cam027/96012841.html</a> |
| 942 ## - ADDED ENTRY ELEMENTS (KOHA) |
| Source of classification or shelving scheme |
|
| Koha item type |
MONOGRAPH |